UITU Library & LRC     

Micro Controller Based Stepper Motor Control (Record no. 32872)

MARC details
000 -LEADER
fixed length control field 00471nam a2200133Ia 4500
008 - FIXED-LENGTH DATA ELEMENTS--GENERAL INFORMATION
fixed length control field 260210s9999 xx 000 0 und d
024 ## - OTHER STANDARD IDENTIFIER
Standard number or code 03-54-EE, 03-29-EE, 03-217-EE & 03-11-EE
082 ## - DEWEY DECIMAL CLASSIFICATION NUMBER
Classification number 629.89072 RIZ
100 ## - MAIN ENTRY--PERSONAL NAME
Personal name Rizwan Yasin, Mir Noman Ali, Mohummad Riazuddin & Khashif Shajer
245 #0 - TITLE STATEMENT
Title Micro Controller Based Stepper Motor Control
260 ## - PUBLICATION, DISTRIBUTION, ETC.
Place of publication, distribution, etc. Karachi:
Name of publisher, distributor, etc. UITU,
Date of publication, distribution, etc. 1995
600 ## - SUBJECT ADDED ENTRY--PERSONAL NAME
Personal name Electronic Engineering
650 ## - SUBJECT ADDED ENTRY--TOPICAL TERM
Topical term or geographic name entry element Bachelor of Engineering (BE)

No items available.

Powered by Koha